000 00303nam a2200133Ia 4500
005 20251222142011.0
008 251222s9999||||xx |||||||||||||| ||spa||
020 _a84-404-5329-9
082 _a220.9/K57
100 _aKircher, Atanasuis
245 0 _aEl Arca de NoƩ:
264 _bOcto
942 _cLIB
999 _c10343
_d10343